<?xml version="1.0" encoding="UTF-8"?>
<record
    xmlns:xsi="http://www.w3.org/2001/XMLSchema-instance"
    xsi:schemaLocation="http://www.loc.gov/MARC21/slim http://www.loc.gov/standards/marcxml/schema/MARC21slim.xsd"
    xmlns="http://www.loc.gov/MARC21/slim">

  <leader>01620nam0a2200385   4500</leader>
  <controlfield tag="001">RU\NLR\bibl\1473134</controlfield>
  <controlfield tag="005">20250616002743.0</controlfield>
  <datafield tag="010" ind1=" " ind2=" ">
    <subfield code="a">978-5-89503-417-0</subfield>
    <subfield code="9">200</subfield>
  </datafield>
  <datafield tag="021" ind1=" " ind2=" ">
    <subfield code="a">RU</subfield>
    <subfield code="b">2009-102598</subfield>
    <subfield code="9">6528</subfield>
  </datafield>
  <datafield tag="035" ind1=" " ind2=" ">
    <subfield code="a">(nilc)RSL-KNO-004499588</subfield>
  </datafield>
  <datafield tag="035" ind1=" " ind2=" ">
    <subfield code="a">(NLR Aleph) 001464817</subfield>
  </datafield>
  <datafield tag="090" ind1=" " ind2=" ">
    <subfield code="a">1606296</subfield>
    <subfield code="c">1606296</subfield>
  </datafield>
  <datafield tag="100" ind1=" " ind2=" ">
    <subfield code="a">20091221d2009    |||y0rusy50      ca</subfield>
  </datafield>
  <datafield tag="101" ind1="0" ind2=" ">
    <subfield code="a">rus</subfield>
  </datafield>
  <datafield tag="102" ind1=" " ind2=" ">
    <subfield code="a">RU</subfield>
  </datafield>
  <datafield tag="105" ind1=" " ind2=" ">
    <subfield code="a">a   |||||||||</subfield>
  </datafield>
  <datafield tag="200" ind1="1" ind2=" ">
    <subfield code="a">&#x41D;&#x430;&#x434;&#x435;&#x436;&#x43D;&#x43E;&#x441;&#x442;&#x44C; &#x442;&#x435;&#x43F;&#x43B;&#x43E;&#x44D;&#x43D;&#x435;&#x440;&#x433;&#x435;&#x442;&#x438;&#x447;&#x435;&#x441;&#x43A;&#x43E;&#x433;&#x43E; &#x43E;&#x431;&#x43E;&#x440;&#x443;&#x434;&#x43E;&#x432;&#x430;&#x43D;&#x438;&#x44F; &#x438; &#x44D;&#x43A;&#x43E;&#x43B;&#x43E;&#x433;&#x438;&#x447;&#x435;&#x441;&#x43A;&#x430;&#x44F; &#x43E;&#x431;&#x441;&#x442;&#x430;&#x43D;&#x43E;&#x432;&#x43A;&#x430; &#x432;&#x43E;&#x43A;&#x440;&#x443;&#x433; &#x422;&#x42D;&#x421;</subfield>
    <subfield code="f">&#x412;. &#x412;. &#x41B;&#x438;&#x442;&#x432;&#x430;&#x43A;, &#x412;. &#x424;. &#x41F;&#x430;&#x43D;&#x438;&#x43D;</subfield>
  </datafield>
  <datafield tag="210" ind1=" " ind2=" ">
    <subfield code="a">&#x422;&#x43E;&#x43C;&#x441;&#x43A;</subfield>
    <subfield code="c">&#x418;&#x437;&#x434;-&#x432;&#x43E; &#x43D;&#x430;&#x443;&#x447;&#x43D;&#x43E;-&#x442;&#x435;&#x445;&#x43D;&#x438;&#x447;&#x435;&#x441;&#x43A;&#x43E;&#x439; &#x43B;&#x438;&#x442;&#x435;&#x440;&#x430;&#x442;&#x443;&#x440;&#x44B;</subfield>
    <subfield code="d">2009</subfield>
  </datafield>
  <datafield tag="215" ind1=" " ind2=" ">
    <subfield code="a">277 &#x441;.</subfield>
    <subfield code="c">&#x438;&#x43B;.</subfield>
    <subfield code="d">20</subfield>
  </datafield>
  <datafield tag="320" ind1=" " ind2=" ">
    <subfield code="a">&#x411;&#x438;&#x431;&#x43B;&#x438;&#x43E;&#x433;&#x440;.: &#x441;. 266-274</subfield>
  </datafield>
  <datafield tag="606" ind1="1" ind2=" ">
    <subfield code="a">&#x422;&#x435;&#x43F;&#x43B;&#x43E;&#x432;&#x44B;&#x435; &#x44D;&#x43B;&#x435;&#x43A;&#x442;&#x440;&#x43E;&#x441;&#x442;&#x430;&#x43D;&#x446;&#x438;&#x438;</subfield>
    <subfield code="x">&#x42D;&#x43A;&#x43E;&#x43B;&#x43E;&#x433;&#x438;&#x447;&#x435;&#x441;&#x43A;&#x438;&#x435; &#x442;&#x440;&#x435;&#x431;&#x43E;&#x432;&#x430;&#x43D;&#x438;&#x44F;</subfield>
    <subfield code="9">2228103</subfield>
    <subfield code="3">RU\NLR\auth\661337476</subfield>
  </datafield>
  <datafield tag="606" ind1="1" ind2=" ">
    <subfield code="a">&#x422;&#x435;&#x43F;&#x43B;&#x43E;&#x432;&#x44B;&#x435; &#x44D;&#x43B;&#x435;&#x43A;&#x442;&#x440;&#x43E;&#x441;&#x442;&#x430;&#x43D;&#x446;&#x438;&#x438;</subfield>
    <subfield code="x">&#x422;&#x435;&#x43F;&#x43B;&#x43E;&#x441;&#x438;&#x43B;&#x43E;&#x432;&#x43E;&#x435; &#x43E;&#x431;&#x43E;&#x440;&#x443;&#x434;&#x43E;&#x432;&#x430;&#x43D;&#x438;&#x435;</subfield>
    <subfield code="x">&#x41D;&#x430;&#x434;&#x435;&#x436;&#x43D;&#x43E;&#x441;&#x442;&#x44C;</subfield>
    <subfield code="9">2553210</subfield>
    <subfield code="3">RU\NLR\auth\661510691</subfield>
  </datafield>
  <datafield tag="686" ind1=" " ind2=" ">
    <subfield code="a">&#x417;37-5-021.1,0</subfield>
    <subfield code="2">rubbk</subfield>
  </datafield>
  <datafield tag="686" ind1=" " ind2=" ">
    <subfield code="a">&#x417;370.2-526,0</subfield>
    <subfield code="2">rubbk</subfield>
  </datafield>
  <datafield tag="686" ind1=" " ind2=" ">
    <subfield code="a">&#x417;37-5-021.1</subfield>
  </datafield>
  <datafield tag="686" ind1=" " ind2=" ">
    <subfield code="a">&#x417;37-082-642</subfield>
  </datafield>
  <datafield tag="700" ind1=" " ind2="1">
    <subfield code="a">&#x41B;&#x438;&#x442;&#x432;&#x430;&#x43A;</subfield>
    <subfield code="b">&#x412;. &#x412;.</subfield>
    <subfield code="g">&#x412;&#x430;&#x43B;&#x435;&#x440;&#x438;&#x439; &#x412;&#x43B;&#x430;&#x434;&#x438;&#x43C;&#x438;&#x440;&#x43E;&#x432;&#x438;&#x447;</subfield>
    <subfield code="4">070</subfield>
  </datafield>
  <datafield tag="701" ind1=" " ind2="1">
    <subfield code="a">&#x41F;&#x430;&#x43D;&#x438;&#x43D;</subfield>
    <subfield code="b">&#x412;. &#x424;.</subfield>
    <subfield code="g">&#x412;&#x43B;&#x430;&#x434;&#x438;&#x43C;&#x438;&#x440; &#x424;&#x438;&#x43B;&#x438;&#x43F;&#x43F;&#x43E;&#x432;&#x438;&#x447;</subfield>
    <subfield code="4">070</subfield>
  </datafield>
  <datafield tag="801" ind1=" " ind2="0">
    <subfield code="a">RU</subfield>
    <subfield code="b">RuMoRGB</subfield>
    <subfield code="c">20091221</subfield>
    <subfield code="g">rcr</subfield>
  </datafield>
  <datafield tag="801" ind1=" " ind2="1">
    <subfield code="a">RU</subfield>
    <subfield code="b">RuMoRGB</subfield>
    <subfield code="c">20091221</subfield>
  </datafield>
  <datafield tag="801" ind1=" " ind2="2">
    <subfield code="a">RU</subfield>
    <subfield code="b">NLR</subfield>
    <subfield code="c">20100215</subfield>
    <subfield code="g">rcr</subfield>
  </datafield>
  <datafield tag="830" ind1=" " ind2=" ">
    <subfield code="a">&#x43F;&#x43E; &#x43A;&#x43D;</subfield>
  </datafield>
  <datafield tag="942" ind1=" " ind2=" ">
    <subfield code="c">BOOK</subfield>
  </datafield>
  <datafield tag="980" ind1=" " ind2=" ">
    <subfield code="a">NB</subfield>
  </datafield>
  <datafield tag="995" ind1=" " ind2=" ">
    <subfield code="5">2010-02-15</subfield>
    <subfield code="a">ad</subfield>
    <subfield code="b">NLR01</subfield>
    <subfield code="c">NLR01</subfield>
    <subfield code="e">RF8</subfield>
    <subfield code="f">3102352</subfield>
    <subfield code="k">2010-3/4126</subfield>
    <subfield code="o">0</subfield>
    <subfield code="r">BOOK</subfield>
    <subfield code="s">201034126_</subfield>
  </datafield>
  <datafield tag="995" ind1=" " ind2=" ">
    <subfield code="5">2010-02-15</subfield>
    <subfield code="a">ad</subfield>
    <subfield code="b">NLR01</subfield>
    <subfield code="c">NLR01</subfield>
    <subfield code="e">RF8</subfield>
    <subfield code="f">3102353</subfield>
    <subfield code="k">2010-3/4126</subfield>
    <subfield code="o">0</subfield>
    <subfield code="r">BOOK</subfield>
    <subfield code="s">201034126_</subfield>
  </datafield>
</record>
